[Event "Montmagny op"]
[Site "Montmagny"]
[Date "2011.11.12"]
[Round "1"]
[White "Hebert, Jean"]
[Black "Gagnon, Vincent"]
[Result "1-0"]
[WhiteElo "2417"]
[BlackElo "1747"]
[PlyCount "85"]
[EventDate "2011.11.11"]
[EventType "swiss"]
[EventRounds "5"]
[EventCountry "CAN"]
[SourceTitle "EXT 2022"]
[Source "ChessBase"]
[SourceDate "2021.10.06"]
[SourceVersion "1"]
[SourceVersionDate "2021.10.06"]
[SourceQuality "1"]

1. d4 Nf6 2. c4 e6 3. Nf3 b6 4. a3 Bb7 5. Nc3 d5 6. cxd5 exd5 7. g3 Be7 8. Qa4+ Nbd7 9. Ne5 0-0 10. Nc6 Bxc6 11. Qxc6 Bd6 12. Bh3 Qe7 13. Bg5 Rfe8 14. 0-0 h6 15. Nxd5 Qe4 16. Bxf6 Nxf6 17. Nxf6+ gxf6 18. Qxe4 Rxe4 19. Bg2 Rae8 20. Bxe4 Rxe4 21. e3 Kg7 22. Rac1 f5 23. Kg2 Kf6 24. Kf3 h5 25. h4 Re6 26. Rc6 Ke7 27. Rfc1 Kd7 28. R1c2 Re4 29. R6c4 Re6 30. Ra4 a5 31. b4 axb4 32. axb4 Re8 33. b5 f6 34. Ra7 Rc8 35. Rca2 Ke7 36. Ra8 Rxa8 37. Rxa8 Kf7 38. Rh8 Kg6 39. Rd8 Kf7 40. Rd7+ Ke6 41. Rh7 Kd5 42. Rxh5 Ke6 43. Rh7 1-0